Score 0/20 Timer 05:00
2 Plays Today
% Correct
Colonel Sanders
88%
David Letterman
87.6%
Janet Jackson
84%
Larry Bird
82.6%
James Dean
78.6%
Axl Rose
67.6%
Brendan Fraser
52.9%
Steve McQueen
52.7%
Florence Henderson
52.4%
Dan Quayle
49.6%
% Correct
Orville Redenbacher
45.4%
Jim Gaffigan
40.3%
Tony Stewart
37%
Shelley Long
36%
Don Mattingly
35%
Adam Lambert
34.3%
Jenna Fischer
29.9%
Kurt Vonnegut
29.2%
Vivica A. Fox
25.1%
John Green
16.5%
Remove Ads.
Support Sporcle.
Get the best of Sporcle when you Go Orange. This ad-free experience offers more features, more stats, and more fun while also helping to support Sporcle. Thank you for becoming a member.

You're not logged in!

Compare scores with friends on all Sporcle quizzes.
OR
Log In

Sporcle TV

Today on Sporcle TV


Watch our educational content, quiz creation guides, and fun videos on Sporcle TV.

Show Comments

Extras

Top Quizzes Today


Score Distribution

Paid Content

Your Account Isn't Verified!

In order to create a playlist on Sporcle, you need to verify the email address you used during registration. Go to your Sporcle Settings to finish the process.

Report this User

Report this user for behavior that violates our Community Guidelines.

Details: